000 00626nam a2200193 b 4500
003 OSt
005 20141018095931.0
008 960719s1996 sp | ||| ||spa
020 _a84-267-1049-2
040 _cBMC
082 _a658.154
100 1 _aCataldo Pizarro, Juan Humberto
_926291
245 1 0 _aGestión del presupuesto ABC
_b: su integración con la calidad y las normas ISO-9000
_cJuan Cataldo Pizarro
260 _aBarcelona
_bMarcombo
_c1996
300 _a218 p.
_bgráf.
_c23 cm
490 _aSerie 50 Marcombo : contabilidad y gestión de costes
_v2
650 2 4 _aControl presupuestario
_99171
942 _2ddc
_cBK
999 _c14310
_d14310